000 00207 a2200097 4500
001 18494
100 _aDouglass C.E
245 _aDescriptive geometry
260 _a
_bRinchart
_c1971
090 _c13730
_d13730
942 _aNUST-CAE
_cM
_c4148
999 _c253567
_d253567